000 00494nam a2200169Ia 4500
999 _c9838
_d9838
003 OSt
005 20191231094625.0
008 190216s9999||||xx |||||||||||||| ||und||
040 _coclc
082 _a338.954
_bTAN/E
100 _aTandon, B C
_9614
245 0 _aEconomic Planning Theory And Practice /
_cB C Tandon
260 _bChaithanya Pub.House,
_c1991.
_aAllahabad:
300 _a480 p
650 _aEconomics
942 _cBK
_2ddc
_h338.954
_iTAN/E
_k338.954
_mTAN/E